| 000 | 00300 a2200121 4500 | ||
|---|---|---|---|
| 001 | 58137 | ||
| 082 | _a621.38132 NEL | ||
| 090 |
_c35646 _d35646 |
||
| 100 | _aNelson, Charles | ||
| 245 | _aHigh frequency and microwave circuit design, 2/e | ||
| 250 | _a2 | ||
| 260 |
_aNew York _bCRC Press _c2008 |
||
| 942 |
_aNUST-CAE _k621.38132 NEL |
||
| 999 |
_c293210 _d293210 |
||